000 01623nam a2200433 i 4500
001 54052
003 ES-MaCES
005 20260121130445.0
008 260116s2025 sp 000 | spa d
017 _aV 1443-2025
_bDL
020 _a9788410957114
040 _aES-MaCES
_bspa
_cES-MaCES
041 0 _aita
100 1 _941604
_aParra Gutiérrez, Juan Pablo
245 1 0 _aDesplazamiento de trabajadores en la Unión Europea
_b: base jurídica, naturaleza y condiciones de trabajo en la Directiva 96/71
_cJuan Pablo Parra Gutiérrez
260 _aValencia
_bTirant lo Blanch
_c2025
300 _a437 p.
_c22 cm
490 1 _aTirant monografías. Alta calidad en investigación jurídica
504 _aBibliografía: p. 406-437
541 0 _cCompra
610 1 7 _95130
_aUnión Europea
_tDirectiva sobre el desplazamiento de trabajadores efectuado en el marco de una prestación de servicios, 1996
650 4 _atraslado geográfico de un empleado
_930655
650 4 _amovilidad de la mano de obra
_928354
650 4 _atrabajador expatriado
_929201
650 4 _acondiciones de trabajo
_928327
650 4 _aprotección social
_929076
650 4 _aderechos de los trabajadores
_929924
650 4 _aUE
_926752
650 4 _aDirectiva de la CE
_929873
650 4 _aderecho comunitario
_929866
650 4 _aderecho del trabajo
_927165
650 4 _aarmonización
_929884
650 4 _aEspaña
_926964
650 4 _acampo de aplicación
_930263
653 1 0 _aDerecho del trabajo y Seguridad Social
830 0 _aTirant monografías
_932480
902 _aLIB Libro
942 _2CES
_cBK
_h6.0.1.
999 _c54052
_d54052